=LDR 00000nam 2200000 4500 =001 INLIS000000000031920 =005 20130612133948 =008 ***********************************ind** =035 ##$$0010-061300000031920 =041 ##$$a ind =082 ##$$a 372.3 =090 ##$$a 372.3, Tar a =100 ##$$a Tartusi, Tartila =245 ##$$a Alam Semesta , Kebersamaan Allah, Tartila Tartusi;Editor,Vanny narita =250 ##$$a Seri Ensiklopedia Anak Muslim =260 ##$$a 2009 $b Jakarta =300 ##$$a 128 hlm; Ilus, 30 cm =650 ##$$a Pendidikan dasar-Alam Semesta =700 ##$$a Narita, Vanny =850 ##$$a NBPNMAT